000 00334nam a22001337a 4500
008 180201b xxu||||| |||| 00| 0 eng d
020 _a9781897676950
041 _aeng
080 _a612.39
100 _a10
101 _anut
245 _anatural antioxidants in avian nutrition and reproduction
_cpeter.f.s
942 _2udc
_cBK
999 _c41543
_d41543